000 01112nam a22002057a 4500
999 _c63914
_d63914
003 Ge_BSU
005 20260219104333.0
008 260219s1959 ge ||||| |||| 00| 0 geo d
041 _ageo
080 _a330(479.22)(049.32) ე-49
245 _aეკონომიკის ინსტიტუტის შრომები :
_bტ. 11 /
_cსაქართველოს სსრ მეცნიერებათა აკადემია; რედ. პ. გუგუშვილი.
264 _aთბილისი :
_bსაქ. სსრ მეცნ. აკად. გამ-ბა,
_c1959.
300 _a391 გვ.;
_b26 სმ.
500 _aტექსტი ქართ. და რუს. ენ.
653 _aეკონომიკა
653 _aშრომები
700 _aგუგუშვილი, პ.
_eრედაქტორი
_918004
710 _aსაქართველოს სსრ მეცნიერებათა აკადემია
_bეკონომიკის ინსტიტუტი
_926899
942 _2udc
_cᲬᲘᲒᲜᲘ